MS Thesis: Energy Efficient Load Balancing in Computational Grid (Record no. 24831)
[ view plain ]
| 000 -LEADER | |
|---|---|
| fixed length control field | 00750nam a22002417a 4500 |
| 003 - CONTROL NUMBER IDENTIFIER | |
| control field | NUST |
| 005 - DATE AND TIME OF LATEST TRANSACTION | |
| control field | 20180604070247.0 |
| 008 - FIXED-LENGTH DATA ELEMENTS--GENERAL INFORMATION | |
| fixed length control field | 151020b xxu||||| |||| 00| 0 eng d |
| 020 ## - INTERNATIONAL STANDARD BOOK NUMBER | |
| Terms of availability | Available |
| 038 ## - RECORD CONTENT LICENSOR | |
| Staff Name | Nurat Nadeem |
| 040 ## - CATALOGING SOURCE | |
| Original cataloging agency | DLC |
| Language of cataloging | DLC |
| Transcribing agency | RCMS |
| 050 ## - LIBRARY OF CONGRESS CALL NUMBER | |
| Classification number | 004.12 ZEE |
| 082 ## - DEWEY DECIMAL CLASSIFICATION NUMBER | |
| Classification number | 004.12 ZEE |
| 100 ## - MAIN ENTRY--PERSONAL NAME | |
| Personal name | Tariq Zeenat |
| 9 (RLIN) | 10886 |
| 245 ## - TITLE STATEMENT | |
| Title | MS Thesis: Energy Efficient Load Balancing in Computational Grid |
| Statement of responsibility, etc. | Zeenat Tariq |
| 260 ## - PUBLICATION, DISTRIBUTION, ETC. | |
| Place of publication, distribution, etc. | Islamabad |
| Name of publisher, distributor, etc. | RCMS NUST |
| Date of publication, distribution, etc. | c,2015, |
| 300 ## - PHYSICAL DESCRIPTION | |
| Extent | vii,49,p: |
| Other physical details | HB |
| Dimensions | 25,cm, |
| 440 ## - SERIES STATEMENT/ADDED ENTRY--TITLE | |
| Title | MS Thesis Computational Sciences and Engineering |
| 9 (RLIN) | 10887 |
| 500 ## - GENERAL NOTE | |
| General note | MS Thesis |
| 538 ## - SYSTEM DETAILS NOTE | |
| Display text | Shelf # 7 Row 1<br/>Thesis |
| 700 ## - ADDED ENTRY--PERSONAL NAME | |
| Relator code | Dr. Syed Salman Shahid |
| 942 ## - ADDED ENTRY ELEMENTS (KOHA) | |
| Source of classification or shelving scheme | |
| Koha item type | Thesis |
| Classification part | 004.12 ZEE |
| Withdrawn status | Lost status | Source of classification or shelving scheme | Damaged status | Not for loan | Collection code | Permanent Location | Current Location | Shelving location | Date acquired | Total Checkouts | Full call number | Barcode | Date last seen | Date last checked out | Price effective from | Koha item type |
|---|---|---|---|---|---|---|---|---|---|---|---|---|---|---|---|---|
| Central Library (CL) | Central Library (CL) | Thesis | 09/17/2019 | 621.001 | CL-T-3542 | 09/17/2019 | 09/17/2019 | Thesis | ||||||||
| School of Interdisciplinary Engineering and Sciences (SINES) | School of Interdisciplinary Engineering and Sciences (SINES) | General Stacks | 10/20/2015 | 1 | 621.001 ZEE | RCMS002943 | 10/21/2015 | 10/21/2015 | 10/20/2015 | Thesis |
